00807 2200289 4500001002100000005001500021035002000036007000300056040001700059100002900076245006600105250001000171300003900181020002200220041000800242090002300250264003600273336002100309337003000330338002300360650001300383850001000396008004100406504002600447990002200473990002200495INLIS00000000000894620260513121317 a0010-1022000321ta aSBPUPADbind0 aSri Widayati;ePengarang1 aBuku Panduan Dasar :bAlat Bermain Endukatif /cSri Widayati; acet.1 aviii 126 hlm. :bilus. ;c16x23 cm a978-602-5568-03-90 aind a959.8 SUD p L25-14 aYogyakarta :bGava Media,c2018 2rdacontentateks 2rdamediaatanpa perantara 2rdacarrieravolume 4akesenian aPUPAD260513 0  abibiliografi, 125 hlm a29.508/B/DPK/2018 a29.507/B/DPK/2018